| 000 | 00763nam a2200217 a 4500 | ||
|---|---|---|---|
| 001 | 000034080 | ||
| 005 | 20260312134859.0 | ||
| 008 | 100312s19uu dr r 000 0 spa d | ||
| 040 |
_aDO-SdBNP _bspa _cBNPHU |
||
| 082 |
_a177 _bH831mor |
||
| 100 | 1 |
_aHostos, Eugenio María de, _d1839-1903 _91352 |
|
| 245 | 1 | 0 |
_aMoral social : _bapreciación de Hostos / _cpor R. Blanco-Fombona. |
| 260 |
_aMadrid : _bAmérica, _c[196?]. |
||
| 300 |
_a259 p. ; _c23 cm. |
||
| 490 | 1 |
_aBiblioteca de ciencias políticas y sociales _v15 |
|
| 590 | _aInventariado, 2019/VM | ||
| 650 | 0 |
_aÉtica social _91353 |
|
| 700 | 1 |
_aBlanco-Fombona, Rufino, _d1874-1944. _93877 |
|
| 830 | 0 |
_aBiblioteca de ciencias políticas y sociales _n15 _959508 |
|
| 910 | _aValidado. Control de calidad MFF | ||
| 999 |
_c33571 _d33571 |
||